00893nam a2200229 i 4500001000300000100002500003245006900028260004600097300003200143490007300175500010800248504001400356650001100370650001000381650003600391830005200427040000800479041001300487080002400500008004100524856009800565bg1 aSTĘPIŃSKI, Piotr10aPrzestrajalne lasery półprzewodnikowe /cPiotr Stępiński. aWarszawa :bOficyna Wydawnicza PW,c2003. a88, [1] s. :bil. ;c24 cm.1 aPrace Naukowe. Fizyka / Politechnika Warszawska,x1643-6857 ;vz. 51 aOpis wg okł. - W nagł. odmienny tyt. serii: Prace Naukowe Politechniki Warszawskiej. - Streszcz. ang. aBibliogr. 9aLasery 9aDiody 9aPółprzewodnikixurządzenia 0aPrace Naukowe. Fizyka (Politechnika Warszawska) cBPK0 apolbeng a621.375.826:621.382 s pl f |000 0 pol  uhttp://koha.tu.koszalin.pl/cgi-bin/koha/opac-detail.pl?biblionumber=44154yKatalog online BPK